Statistiques concernant Pays frontaliers de l'Afrique du Sud

Cliquez ici pour prendre le quiz!

Statistiques générales

  • Ce quiz a été pris 68 fois
  • Le résultat moyen est 5 sur 6

Statistiques - réponses

kmpays% Correct
967Namibie
100%
909Lesotho
93%
491Mozambique
92%
430Swaziland
92%
225Zimbabwe
89%
1840Botswana
84%

Distribution des résultats

Percentile par nombre de réponses

% des personnes avec chaque résultat

Votre développement - résultats

Vous n’avez pas pris ce quiz